[Event "Madrid-ch Seniors 50"]
[Site "Madrid"]
[Date "2022.04.06"]
[Round "8"]
[White "Argelina Diaz, Juan Angel"]
[Black "Siddiqie, Kausar Iqbal"]
[Result "0-1"]
[WhiteElo "1455"]
[BlackElo "1309"]
[PlyCount "84"]
[EventDate "2022.03.28"]
[EventType "swiss"]
[EventRounds "9"]
[EventCountry "ESP"]
[SourceTitle "EXT 2023"]
[Source "ChessBase"]
[SourceDate "2022.10.05"]
[SourceVersion "1"]
[SourceVersionDate "2022.10.05"]
[SourceQuality "1"]

1. e4 e5 2. Qf3 Nf6 3. Bc4 Nc6 4. Ne2 Be7 5. Nbc3 d6 6. d3 h6 7. a3 0-0 8. Be3 Na5 9. Ba2 c5 10. h3 Bd7 11. 0-0 Rc8 12. Qg3 Kh7 13. f4 Nh5 14. Qf3 g6 15. f5 Nc6 16. Nd5 Bg5 17. c3 Ne7 18. Bxg5 hxg5 19. Ng3 Nxg3 20. Qxg3 Nxd5 21. fxg6+ Kxg6 22. Bxd5 f6 23. Qf3 b6 24. Rf2 b5 25. g4 c4 26. Rd1 Qe7 27. Qe2 Rh8 28. Rf3 Rh4 29. dxc4 Rch8 30. Qd3 R8h6 31. Rdf1 a6 32. cxb5 axb5 33. Rg3 Qh7 34. Qf3 Kg7 35. Kf2 Qh8 36. Ke2 b4 37. axb4 Kg6 38. c4 Rxh3 39. Rfg1 Rxg3 40. Rxg3 Rh2+ 41. Rg2 Qh4 42. Kd3 Rh3 0-1

[Event "Madrid-ch Seniors 50"]
[Site "Madrid"]
[Date "2022.04.05"]
[Round "7"]
[White "Marin Lopez, Jeronimo"]
[Black "Argelina Diaz, Juan Angel"]
[Result "1-0"]
[WhiteElo "1901"]
[BlackElo "1455"]
[PlyCount "135"]
[EventDate "2022.03.28"]
[EventType "swiss"]
[EventRounds "9"]
[EventCountry "ESP"]
[SourceTitle "EXT 2023"]
[Source "ChessBase"]
[SourceDate "2022.10.05"]
[SourceVersion "1"]
[SourceVersionDate "2022.10.05"]
[SourceQuality "1"]

1. e4 e5 2. Nf3 Qf6 3. Nc3 c6 4. d4 exd4 5. Bg5 Qg6 6. Qxd4 Qd6 7. Qe3 Be7 8. h4 h6 9. Bf4 Qc5 10. Qxc5 Bxc5 11. Bc4 b5 12. Bb3 Ne7 13. 0-0 a5 14. a3 0-0 15. Rad1 Ng6 16. Bg3 a4 17. Ba2 Re8 18. e5 Na6 19. Ne4 d5 20. Nxc5 Nxc5 21. h5 Nf8 22. Nd4 Bd7 23. f3 Rac8 24. c3 Nfe6 25. Nf5 Rc7 26. Nd6 Rf8 27. Bb1 Nb7 28. f4 Nxd6 29. exd6 Rcc8 30. Bh4 Nc5 31. Be7 Rfe8 32. f5 f6 33. Bc2 Kh7 34. Rd4 Rg8 35. g4 Be8 36. Kg2 Nd7 37. b3 axb3 38. Bxb3 Ra8 39. a4 Nc5 40. Rb1 bxa4 41. Ba2 Bd7 42. c4 Rgb8 43. Rdd1 Ne4 44. Rdc1 d4 45. c5 Nc3 46. Rxb8 Rxb8 47. Be6 Rb7 48. Bd8 Nb5 49. Kf3 a3 50. Ke4 Ra7 51. Bb6 Rb7 52. Kd3 Nxd6 53. Bxd7 Rxd7 54. cxd6 Rxd6 55. Bxd4 a2 56. Kc4 c5 57. Kxc5 Ra6 58. Ra1 Ra3 59. Rg1 Kg8 60. Kb4 Rd3 61. Bc3 Re3 62. Bb2 Kf8 63. Kc4 Re2 64. Kb3 Ke7 65. Kxa2 Kd6 66. Kb3 Kd5 67. Rd1+ Ke4 68. Rd7 1-0

[Event "Madrid-ch Seniors 50"]
[Site "Madrid"]
[Date "2022.03.30"]
[Round "3"]
[White "Carbo De Haya, Jaime"]
[Black "Argelina Diaz, Juan Angel"]
[Result "0-1"]
[WhiteElo "1156"]
[BlackElo "1455"]
[PlyCount "72"]
[EventDate "2022.03.28"]
[EventType "swiss"]
[EventRounds "9"]
[EventCountry "ESP"]
[SourceTitle "EXT 2023"]
[Source "ChessBase"]
[SourceDate "2022.10.05"]
[SourceVersion "1"]
[SourceVersionDate "2022.10.05"]
[SourceQuality "1"]

1. e4 e5 2. Nf3 Qf6 3. Bc4 Bc5 4. 0-0 Nc6 5. d3 d6 6. Bg5 Qg6 7. Nbd2 Bh3 8. gxh3 h6 9. Kh1 hxg5 10. Rg1 f6 11. h4 Bxf2 12. Rg2 Be3 13. Qe2 Bf4 14. Rag1 Nge7 15. Qf2 0-0-0 16. hxg5 f5 17. Nh4 Qh5 18. Ndf3 fxe4 19. dxe4 g6 20. Rg4 d5 21. exd5 Nxd5 22. Bd3 Be3 23. Qe1 Bxg1 24. Bxg6 Qxg4 25. Bf5+ Qxf5 26. Nxf5 Bc5 27. Qe4 Nde7 28. h4 Rdf8 29. Nxe7+ Bxe7 30. Kg2 Rf4 31. Qg6 Rhf8 32. Qe6+ Kd8 33. Nxe5 Nxe5 34. Qxe5 Rxh4 35. g6 Rg4+ 36. Kh3 Rxg6 0-1

[Event "Madrid-ch Seniors 50"]
[Site "Madrid"]
[Date "2022.03.28"]
[Round "1"]
[White "Lopez Molina, Santiago Jorge"]
[Black "Argelina Diaz, Juan Angel"]
[Result "1-0"]
[WhiteElo "1868"]
[BlackElo "1455"]
[PlyCount "39"]
[EventDate "2022.03.28"]
[EventType "swiss"]
[EventRounds "9"]
[EventCountry "ESP"]
[SourceTitle "EXT 2023"]
[Source "ChessBase"]
[SourceDate "2022.10.05"]
[SourceVersion "1"]
[SourceVersionDate "2022.10.05"]
[SourceQuality "1"]

1. e4 e5 2. Nf3 Qf6 3. d4 exd4 4. e5 Qg6 5. g3 Nc6 6. Bd3 Qe6 7. 0-0 h6 8. Nbd2 g5 9. Nb3 Kd8 10. Re1 Bg7 11. Nfxd4 Nxd4 12. Nxd4 Qd5 13. Be4 Qxe5 14. c3 Qd6 15. Qf3 Bxd4 16. cxd4 Qf6 17. Qb3 c6 18. d5 Ne7 19. Bd2 Re8 20. Ba5+ 1-0

[Event "Madrid San Viator op-B 31st"]
[Site "Madrid"]
[Date "2019.10.13"]
[Round "5"]
[White "Jimenez Perez, Federico"]
[Black "Argelina Diaz, Juan Angel"]
[Result "0-1"]
[WhiteElo "1291"]
[BlackElo "1507"]
[PlyCount "118"]
[EventDate "2019.09.08"]
[EventType "swiss"]
[EventRounds "9"]
[EventCountry "ESP"]
[SourceTitle "EXT 2022"]
[Source "ChessBase"]
[SourceDate "2021.10.06"]
[SourceVersion "1"]
[SourceVersionDate "2021.10.06"]
[SourceQuality "1"]

1. e4 e5 2. Nf3 Nc6 3. Bb5 Nd4 4. Nxd4 exd4 5. 0-0 a6 6. Bd3 g6 7. c3 Bg7 8. Re1 b5 9. e5 Bb7 10. Be4 Bxe4 11. Rxe4 dxc3 12. dxc3 Ne7 13. Bg5 h6 14. Bf6 0-0 15. Nd2 Bxf6 16. exf6 Nf5 17. g4 Nd6 18. Rf4 g5 19. Rf3 Re8 20. Nb3 Re6 21. Qd5 c6 22. Qd3 Rxf6 23. Rxf6 Qxf6 24. Nd4 Re8 25. Nf5 Nxf5 26. gxf5 Re5 27. Qxd7 Rxf5 28. Qe8+ Kg7 29. Rf1 Re5 30. Qd7 Re2 31. Qg4 Rxb2 32. Qg3 Rc2 33. h4 Rxc3 34. Qg2 Qf4 35. hxg5 Qxg5 36. Qxg5+ hxg5 37. Rd1 a5 38. Kg2 Kg6 39. Rd6+ f6 40. f3 Kf5 41. Rd4 c5 42. Re4 Rc2+ 43. Kg3 Rxa2 44. Re7 c4 45. Rc7 Rb2 46. Rc5+ Kg6 47. Kg4 a4 48. f4 gxf4 49. Kxf4 a3 50. Rc8 a2 51. Rg8+ Kf7 52. Ra8 c3 53. Kf5 Rf2+ 54. Ke4 c2 55. Rxa2 c1Q 56. Rxf2 Qe1+ 57. Kf3 b4 58. Kg2 b3 59. Kf3 Qxf2+ 0-1

[Event "Alcorcon Spring op-B 1st"]
[Site "Alcorcon"]
[Date "2019.05.26"]
[Round "9"]
[White "Argelina Diaz, Juan Angel"]
[Black "Martin Sanchez, Ivan"]
[Result "1-0"]
[WhiteElo "1535"]
[BlackElo "1102"]
[PlyCount "71"]
[EventDate "2019.03.24"]
[EventType "swiss"]
[EventRounds "9"]
[EventCountry "ESP"]
[SourceTitle "EXT 2020"]
[Source "ChessBase"]
[SourceDate "2019.10.17"]
[SourceVersion "1"]
[SourceVersionDate "2019.10.17"]
[SourceQuality "1"]

1. e4 e5 2. Qf3 Nf6 3. Bc4 d6 4. d3 Bg4 5. Qg3 Nc6 6. Bg5 Nxe4 7. Qxg4 Nxg5 8. Ne2 Qf6 9. Nbc3 Be7 10. Nd5 Qg6 11. Nxc7+ Kd8 12. Nxa8 f5 13. Qg3 h5 14. h4 f4 15. Qh2 f3 16. hxg5 fxe2 17. Kxe2 Nd4+ 18. Kd1 Qxg5 19. Qg3 Qh6 20. Qe3 Bg5 21. Qe4 Kc8 22. Bd5 Kd7 23. Bxb7 h4 24. c3 Qh5+ 25. f3 Ne6 26. Qc6+ Ke7 27. Nc7 Nxc7 28. Qxc7+ Ke8 29. Bc6+ Kf8 30. Qxd6+ Kf7 31. Bd5+ Ke8 32. Qxe5+ Be7 33. Qb8+ Bd8 34. Re1+ Kd7 35. Qxa7+ Kc8 36. Qb7# 1-0

[Event "Alcorcon Spring op-B 1st"]
[Site "Alcorcon"]
[Date "2019.05.05"]
[Round "6"]
[White "Argelina Diaz, Juan Angel"]
[Black "Ruiz Escobar, Israel"]
[Result "0-1"]
[WhiteElo "1535"]
[BlackElo "1740"]
[PlyCount "102"]
[EventDate "2019.03.24"]
[EventType "swiss"]
[EventRounds "9"]
[EventCountry "ESP"]
[SourceTitle "EXT 2020"]
[Source "ChessBase"]
[SourceDate "2019.10.17"]
[SourceVersion "1"]
[SourceVersionDate "2019.10.17"]
[SourceQuality "1"]

1. e4 c6 2. Bc4 d5 3. exd5 cxd5 4. Bb3 Nf6 5. d3 Nc6 6. Bg5 e6 7. Nc3 Bd7 8. Qd2 Bb4 9. a3 Qa5 10. Ba2 Be7 11. Nge2 Rc8 12. 0-0 h6 13. Bf4 a6 14. b4 Qd8 15. d4 0-0 16. Qe3 Nh5 17. Ng3 Nxf4 18. Qxf4 Bg5 19. Qf3 Nxd4 20. Qd3 Bf6 21. Rad1 Rxc3 22. Qxc3 Ne2+ 23. Nxe2 Bxc3 24. Nxc3 Qf6 25. Rd3 Rc8 26. Rf3 Qg5 27. Bb3 Qe5 28. Re3 Qc7 29. Ne2 Bb5 30. Rd1 Bxe2 31. Rxe2 Qc3 32. Ree1 h5 33. h3 g5 34. Kf1 Kg7 35. Re2 Kh6 36. f3 Qc7 37. Kf2 Qh2 38. Ree1 h4 39. Re2 Qc7 40. Kg1 Qb6+ 41. Kf1 Kg6 42. Rd3 Qb5 43. Ree3 a5 44. bxa5 Qxa5 45. a4 Qc7 46. Kg1 Qf4 47. Re1 Qg3 48. Re2 Ra8 49. Rd4 b5 50. Rg4 Qd6 51. Rd4 Qc5 0-1